|
|
|
|
| LEADER |
00000nab a2200000 a 4500 |
| 001 |
vtls001489380 |
| 003 |
SK-MaSNL |
| 005 |
20260304235935.0 |
| 008 |
050119c2004 xo wr|p|||||||000 b|slo |
| 015 |
|
|
|a SNBRx2005/01
|2 snkbucl
|
| 038 |
|
|
|a SNKBUCL
|
| 040 |
|
|
|a SNKBUCL
|b slo
|c SNKBUCL
|e AACR2
|
| 041 |
0 |
|
|a slo
|
| 044 |
|
|
|a xo
|c SK
|
| 080 |
|
|
|a 621.311
|x (437.6)
|2 UDC-MRF-SK2
|
| 080 |
|
|
|a 621.039
|x (437.6)
|2 UDC-MRF-SK2
|
| 100 |
1 |
|
|a Bucha, Tibor
|4 aut
|9 847645
|
| 245 |
1 |
0 |
|a Nevyhnutné ozdravenie Slovenských elektrární
|b spotreba elektrickej energie je lakmusovým papierom hospodárskeho rastu
|c Tibor Bucha
|
| 610 |
2 |
7 |
|a Slovenské elektrárne
|2 snkbucl
|9 30638
|
| 650 |
0 |
7 |
|a jadrová energetika
|2 snkbucl
|9 59350
|
| 651 |
|
7 |
|a Slovensko
|2 snkbucl
|
| 773 |
0 |
|
|t Profit
|g Č. 49-50 (2004), s. 28-29
|x 1335-4620
|
| 852 |
|
|
|a SNK
|b KIS3GCP
|
| 999 |
|
|
|c 3211368
|d 3213298
|